Análisis y diseño orientado a objetos (Registro nro. 615)

Detalles MARC
000 -LEADER
fixed length control field 02169 a2200241 4500
001 - CONTROL NUMBER
control field 15159
005 - DATE AND TIME OF LATEST TRANSACTION
control field 20260407155449.0
008 - FIXED-LENGTH DATA ELEMENTS--GENERAL INFORMATION
fixed length control field 260407a1994 arg spa d
003 - CONTROL NUMBER IDENTIFIER
control field AR-UNSa-BCEJYS
040 ## - CATALOGING SOURCE
Original cataloging agency AR-UNSa-BCEJYS
Language of cataloging spa
Transcribing agency AR-UNSa-BCEJYS
080 ## - UNIVERSAL DECIMAL CLASSIFICATION NUMBER
Universal Decimal Classification number 004.4
Common auxiliary subdivision "Software". Equipo lógico, componentes lógicos, logical, programas
020 ## - INTERNATIONAL STANDARD BOOK NUMBER
International Standard Book Number 968-880-362-6
100 1# - MAIN ENTRY--PERSONAL NAME
Personal name Martin, James
245 10 - TITLE STATEMENT
Title Análisis y diseño orientado a objetos
264 #1 - PRODUCTION, PUBLICATION, DISTRIBUTION, MANUFACTURE, AND COPYRIGHT NOTICE
Place of production, publication, distribution, manufacture México :
Name of producer, publisher, distributor, manufacturer Prentice-Hall Hispanoamericana
Date of production, publication, distribution, manufacture, or copyright notice 1994
300 ## - PHYSICAL DESCRIPTION
Extent xiv, 546 p.
Dimensions 23 cm.
505 ## - FORMATTED CONTENTS NOTE
Formatted contents note 1. Una revolución industrial en el software - 2. Introducción básica - 3. ¿Por qué orientado a objetos? - 4. El futuro de software - 5. Modelos OO - 6. Análisis de la estructura de objetos - 7. Análisis del comportamiento de objetos - 8. Diseño de la estructura y el comportamiento de un objeto - 9. Estándares recomendados de diagramación - 10. Lenguajes de programación orientados a objetos - 11. Herramientas CASE - 12. Estándares para la interacción de objetos - 13. Bases de datos orientadas a objetos - 14. Ingeniería de la información orientada a objetos - 15. Conceptos y objetos - 16. Administración de la complejidad de un objeto - 17. Concepto versus tipo de objeto - 18. Tipos de objetos y asociaciones - 19. Funciones - 20. Relaciones - 21. Supertipos y subtipos - 22. Aspectos del comportamiento - 23. Tipos de eventos, reglas de activación, condiciones de control y operaciones - 24. Análisis del comportamiento de objetos - 25. Diagramas de flujo de objetos - 26. Diseño orientado a objetos: Asociación con las estructuras de los lenguajes de programación OO - 27. Diseño orientado a objetos: asociación con el comportamiento de un lenguaje de programación OO - 28. Diseño orientado a objetos: consideraciones en lenguajes no OO - 29. Administración de un proyecto OO
590 ## - LOCAL NOTE (RLIN)
Local note niveau_biblio:m niveau_hierar:0
700 1# - ADDED ENTRY--PERSONAL NAME
Personal name Odell, James J.
700 1# - ADDED ENTRY--PERSONAL NAME
Personal name Palmas Velasco, Oscar Alfredo
856 41 - ELECTRONIC LOCATION AND ACCESS
Uniform Resource Identifier <a href="https://biblioeco.unsa.edu.ar/pmb/images/libros/An?lisis y dise?o orientado a objetos Martin, James (1994) .jpg">https://biblioeco.unsa.edu.ar/pmb/images/libros/An?lisis y dise?o orientado a objetos Martin, James (1994) .jpg</a>
Link text Imagen de portada
Electronic format type image/jpeg
942 ## - ADDED ENTRY ELEMENTS (KOHA)
Koha item type
Existencias
Withdrawn status Lost status Damaged status Not for loan Home library Current library Shelving location Date acquired Total checkouts Full call number Barcode Date last seen Price effective from Koha item type
        Biblioteca Prof. Eusebio Cleto del Rey Biblioteca Prof. Eusebio Cleto del Rey   07/04/2026   004.4 M378 L119009 07/04/2026 07/04/2026 Libro